000 00589nam a22001817a 4500
005 20170816112727.0
010 _aENG-119593
020 _a9789382749400
_c899.00
035 _aEN-103125
037 _bDBAD/PUB
082 _a881
100 _aSatchidanandan,K.
245 _aThe missing RIB:
_cby Inderjit Singh
_bcollected poems1973-2015 /
260 _aMumbai
_bPoetrywala an imprint of Peperwall Media Publishing
_c2016
270 _aD-1201,Octacrest Lokhadwala,Township,Kandivali
_bMumbai
_e400101
300 _axvi,648p.
_c24cm (Hb)
942 _2ddc
_cEN
_h881
_mTHE
999 _c143390
_d143390